| 000 | 00665nam a22002417a 4500 | ||
|---|---|---|---|
| 003 | OSt | ||
| 005 | 20220107122716.0 | ||
| 008 | 130530b xxu||||| |||| 00| 0 eng d | ||
| 020 | _a978938031913 | ||
| 040 | _cIIITM-K | ||
| 082 | _a006.312 HAN/D | ||
| 100 |
_aHan, Jiawei _9870 |
||
| 245 |
_aData mining: _bConcepts and techniques _cby Jiawei Han, Micheline Kamber, Jian Pei |
||
| 250 | _a3rd ed. | ||
| 260 |
_aNew Delhi, _bElsevier, _c2012. |
||
| 300 | _axxxv, 703p. | ||
| 650 |
_aCOMPUTER SCIENCE _9871 |
||
| 650 |
_aDATA MINING _9872 |
||
| 650 |
_aDATA PROCESSING _9990 |
||
| 700 |
_aKamber , Micheline _9873 |
||
| 700 |
_aPei, Jian _9874 |
||
| 942 |
_2ddc _cBK |
||
| 999 |
_c3062 _d3062 |
||